| 000 | 00802nam a22001817a 4500 | ||
|---|---|---|---|
| 005 | 20250403162410.0 | ||
| 010 | _aHIN-129587 | ||
| 020 |
_a9789389043921 _c700.00 |
||
| 035 | _aHN-101933 | ||
| 037 | _bDBAD | ||
| 082 |
_a954.11 _21st |
||
| 100 |
_aसिंह, हरेन्द्र _980253 |
||
| 245 |
_aकश्मीर : _cडॉ. हरेन्द्र सिंह _bसमस्या से समाधन की और / |
||
| 260 |
_aनई दिल्ली _bसत्यम पब्लिशिंग हाऊस |
||
| 270 |
_aएन- 3/25, मोहन गार्डन, उत्तम नगर _bनई दिल्ली _e110059 |
||
| 300 |
_av, 231 _c23 सेमी (सजिल्द ) |
||
| 942 |
_2ddc _cHN _h650.11 _mहरेन्द्र _e1st |
||
| 999 |
_c210765 _d210765 |
||